000 00728nam a2200253 a 4500
001 5520
003 BD-RjUL
005 20211208234100.0
008 161016s1976 nyua 001 0 eng d
020 _a0060406720
035 _a(BD-RjUL)5556
040 _aDLC
_cDLC
_dDLC
_dBD-RjUL
_beng
041 _aeng
082 0 0 _223
_a370.15
_bBIL 1976
100 1 _aBigge, Morris L.
_917300
245 1 0 _aLearning theories for teachers /
_cMorris L. Bigge.
250 _a3d ed.
260 _aNew York :
_bHarper & Row,
_cc1976.
300 _axii, 386 p. :
_bill. ;
_c23 cm.
504 _aIncludes bibliographies and index.
650 0 _aEducational Psychology
_9133314
_xLearning
942 _2ddc
_cBK
999 _c5520
_d5520